| 000 | 00362nam a2200145Ia 4500 | ||
|---|---|---|---|
| 008 | 230917s9999||||xx |||||||||||||| ||und|| | ||
| 040 |
_e51373 _aMAIN |
||
| 041 | _aEnglish | ||
| 082 | _a940.28 B469H | ||
| 100 | _aBhattacharjee, Arun | ||
| 245 | 2 | _aA history of Eruope: 1789-1945 | |
| 260 |
_aNew Delhi _bSterling _c1982 |
||
| 300 | _axv, 435 p. | ||
| 942 | _cBK | ||
| 999 |
_c229418 _d229418 |
||